| 000 | 00563nam a2200205Ia 4500 | ||
|---|---|---|---|
| 005 | 20260429112143.0 | ||
| 008 | 260429s9999||||xx |||||||||||||| ||und|| | ||
| 020 | _a9781119837053 | ||
| 041 | _aEnglish | ||
| 082 |
_a547.0071 _bKLE |
||
| 100 | _aKlein, David | ||
| 245 | 0 |
_aOrganic chemistry as a second language : _bsecond semester topics / _cDavid Klein |
|
| 250 | _a6th ed. | ||
| 260 |
_aNew Jersey : _bWiley, _c2024. |
||
| 300 | _avii, 562 p.; pbk | ||
| 650 | _a Organic chemistry | ||
| 650 | _a Second language | ||
| 650 | _aChemistry | ||
| 942 | _cTB | ||
| 999 |
_c52628 _d52628 |
||